Szczegóły MARC21

Rachunkowość - zagadnienia podstawowe

005 -DATA I CZAS OSTATNIEJ MODYFIKACJI [,]
    • @
    • pole kontrolne
    • 20070919102630.0
020 -Międzynarod. znormalizowany nr książki - ISBN [ , ]
    • a
    • Numer ISBN
    • 8389260689 Find
040 -Instytucja sporządzająca opis [ , ]
    • a
    • Instytucja, która sporządziła opis (NP)
    • SZCZ U
    • c
    • Instytucja, która sporządziła rekord (NP)
    • SZCZ U
    • d
    • Instytucja, która zmodyfikowała rekord (P)
    • SZCZ U/JŚ
041 -Język dokumentu [0, ]
    • a
    • Język tekstu (P)
    • polski
044 -Kraj miejsca wydania [ , ]
    • a
    • Kraj miejsca wydania
    • Polska
942 -Rodzaj dokumentu [ , ]
    • c
    • Rodzaj dokumentu
    • Książka
100 -Hasło główne - nazwa osobowa [1, ]
    • a
    • Nazwa osobowa (NP)
    • Ossowska, Magdalena
    • d
    • Daty biograficzne (NP)
    • (1975-)
245 -Strefa tytułu i oznaczenia odpowiedzialności [1,0]
    • a
    • Tytuł
    • Rachunkowość - zagadnienia podstawowe Find
    • c
    • Pozostałe elementy strefy tytułu i oznaczenia odpowiedzialności (NP)
    • Magdalena Ossowska, Piotr Szczypa ; Wyższa Szkoła Integracji Europejskiej.
260 -Strefa adresu wydawniczego [ , ]
    • a
    • Miejsce wydania (P)
    • Szczecin :
    • b
    • Nazwa wydawcy (P)
    • "Zapol",
    • c
    • Data wydania (P)
    • 2004. -
300 -Strefa opisu fizycznego [ , ]
    • a
    • Określenie formy książki i/lub objętość (NP)
    • 167 s. :
    • b
    • Oznaczenie ilustracji (NP)
    • il. ;
    • c
    • Format (NP)
    • 24 cm.
500 -Uwaga ogólna [ , ]
    • a
    • Uwaga ogólna (NP)
    • Bibliogr.
080 -Uniwersalna Klasyfikacja Dziesiętna [ , ]
    • 2
    • Identyfikator wydania tablic
    • UDC-P058
    • a
    • Symbol klasyfikacji
    • 657
    • b
    • Dopowiedzenie
    • Rachunkowość. Księgowość.
    • x
    • Poddział wspólny
    • (07)
    • b
    • Dopowiedzenie
    • (Wydawnictwa dydaktyczne. Podręczniki).
980 -Symbol UKD [ , ]
    • a
    • UKD
    • 657(07)
700 -Hasło dodatkowe - nazwa osobowa [1, ]
    • a
    • Nazwa osobowa (NP)
    • Szczypa, Piotr Find
920 -ISBN [ , ]
    • a
    • ISBN
    • 83-89260-68-9 Find
Lokalizacja Data inwentaryzacji Status udost. Numer inwentarzowy Sygnatura
T2004-12-22-2T.8335T.8335
T2004-12-22-3TM.2813TM.2813
T2004-12-22-3TM.2814TM.2814
T2004-12-22-3TM.2815TM.2815
T2004-12-22-3TM.2816TM.2816
T2005-06-29-3TM.3372TM.3372
T2005-12-09-3TM.3634TM.3634
T2005-12-09-3TM.3635TM.3635
T2005-12-09-3TM.3636TM.3636
T2005-12-09-3TM.3637TM.3637
T2005-12-09-3TM.3638TM.3638
T2006-02-07-3TM.3796TM.3796
T2007-08-28-3TM.4814TM.4814
T2007-08-28-3TM.4815TM.4815
T2007-08-27-3TM.4778TM.4778
T2008-03-12-3TM.5359TM.5359
T2008-06-06-3TM.5796TM.5796
T2009-10-12-3TM.6895TM.6895
T2012-06-26-3TM.8573TM.8573
T2014-12-31-3TM.12064TM.12064